000 00927nam0a22002531 4500
001 rc\2815149
005 20250806211054.0
035 _a(NLR Aleph) 006940920
090 _a37518
_c37518
100 _a20110915d1945 u y0rusy50 ca
101 0 _arus
102 _aRU
105 _ay z |||||
200 1 _aСообщение о Берлинской конференции трех держав
210 _aАбакан
_cОбл. нац. изд-во
_d1945
_gтип. изд-ва "Сов. Хакассия"
215 _a30 с., без обл.
_d16 см.
710 1 2 _aКонференция трех держав-СССР, США и Великобритании
_f1945
_eБерлин
_3RU\NLR\AUTH\8820982
801 0 _aRU
_bNLR
_gpsbo
801 1 _aRU
_bELAR
_2rusmarc
852 _aNLR
_jИ24 Г-2/188
942 _cBOOK
945 _aРоссийская национальная библиотека
980 _aNB
980 _aBV